Central Library OPAC University of Rajshahi

Industrial problems of India / (Record no. 20329)

MARC details
000 -LEADER
fixed length control field 00815cam a2200289 4500
001 - CONTROL NUMBER
control field 20329
003 - CONTROL NUMBER IDENTIFIER
rucl marc code BD-RjUL
005 - DATE AND TIME OF LATEST TRANSACTION
control field 20211209000542.0
008 - FIXED-LENGTH DATA ELEMENTS--GENERAL INFORMATION
fixed length control field 140227s1951 ii 001 0 eng d
035 ## - SYSTEM CONTROL NUMBER
System control number (OCoLC)12261252
System control number (BD-RjUL)20391
040 ## - CATALOGING SOURCE
Transcribing agency CU-SB
Original cataloging agency CU-SB
Language of cataloging eng
Modifying agency BD-RjUL
041 ## - LANGUAGE CODE
Language code of text/sound track or separate title eng
082 00 - DEWEY DECIMAL CLASSIFICATION NUMBER
Classification number 330.954
Author mark and year IND 1951
245 00 - TITLE STATEMENT
Title Industrial problems of India /
Statement of responsibility, etc. edited by P.C. Jain.
250 ## - EDITION STATEMENT
Edition statement 3rd ed.
260 ## - PUBLICATION, DISTRIBUTION, ETC. (IMPRINT)
Place of publication, distribution, etc. Allahabad :
Name of publisher, distributor, etc. Students' Friends,
Date of publication, distribution, etc. 1951.
300 ## - PHYSICAL DESCRIPTION
Pagination 375 p. ;
Size 22 cm.
500 ## - GENERAL NOTE
General note "First published in 1942."
504 ## - BIBLIOGRAPHY, ETC. NOTE
Bibliography, etc Includes index.
650 #0 - SUBJECT ADDED ENTRY--TOPICAL TERM
Topical term or geographic name as entry element Industries
Geographic subdivision India.
9 (RLIN) 62662
651 #0 - SUBJECT ADDED ENTRY--GEOGRAPHIC NAME
Geographic name India
General subdivision Commerce.
9 (RLIN) 62663
700 1# - ADDED ENTRY--PERSONAL NAME
Personal name Jain, Prakash Chandra,
Relator term editor.
942 ## - ADDED ENTRY ELEMENTS (KOHA)
Source of classification or shelving scheme Dewey Decimal Classification
Koha item type Books
Holdings
Lost status Source of classification or shelving scheme Damaged status Not for loan Collection code Permanent Location Current Location Shelving location Date acquired Source of acquisition Cost, normal purchase price Total Checkouts Full call number Date last seen Copy number Koha item type
  Dewey Decimal Classification   Added to bundle Non-fiction Central Library, University of Rajshahi Central Library, University of Rajshahi Reading Room 07/12/1957 Pub-United 7.80   330.954 IND 1951 27/02/2014 C-1 Books
  Dewey Decimal Classification     Non-fiction Central Library, University of Rajshahi Central Library, University of Rajshahi   07/12/1957 Pub.Wits Ltd 7.80   330.954 IND 1951 21/09/2016 C-2 Books